Państwa z których pochodzili zdobywcy medali IMŚ na żużlu - Statystyki

Ogólne statystyki
  • Ten quiz został rozwiązany 160 razy
  • Średni wynik to 9 z 10
Statystyki odpowiedzi
Ilość medali Państwo % Poprawnych
24 Polska
99%
36 Dania
95%
40 Szwecja
95%
28 Australia
94%
6 Rosja
90%
26 USA
90%
39 Wielka Brytania
90%
1 RFN
89%
1 Norwegia
64%
26 Nowa Zelandia
63%
Nie znaleziono quizów pasujących do podanych kryteriów
Rozkład punktacji
Procent ludzi z każdym wynikiem
Percentyl według liczby udzielonych odpowiedzi
Twoja historia wyników
Nie rozwiązałeś tego quizu